000 01011nam a2200265 i 4500
001 190405
003 ES-MaACL
005 20250809103950.0
008 210311s2011 sp f 001 0bspa d
020 _a978-84-8460-952-0
080 _a929 Borbón y Battenberg, Juan de, Conde de Barcelona
100 1 _aCarvajal Urquijo, Pedro.
_935943
245 1 3 _aLa travesía de don Juan:
_bla biografía más cercana del padre del rey Juan Carlos /
_cPedro Carvajal.
250 _a1ª ed.
260 _aMadrid :
_bTemas de Hoy,
_c2011.
300 _a390 p., [16] p. de lám. ;
_c25 cm.
490 1 _aBiografías
500 _aÍndice onomástico.
504 _aBibliografía: p. 377-379.
600 1 4 _aBorbón y Battenberg, Juan de,
_cConde de Barcelona,
_d1913-1993-
_xBiografías
_930363
830 1 _aBiografías
_9180531
852 _aES-MaACL
_jA-14604
_9197582
_bR.14604
_cDEPO1
_dOlim: N-7604
_hDonación: Editorial
_xEncuadernación en cartoné
942 _2udc
999 _c190405
_d190405